[Event "30th ECh U20"]
[Site "Baku AZE"]
[Date "2002.07.??"]
[Round "11"]
[White "Baladiaev, Gara"]
[Black "Tahirov, Farhad"]
[Result "1/2-1/2"]
[WhiteElo "2210"]
[BlackElo "2363"]
[EventDate "2002.07.14"]
[PlyCount "52"]

1.d4 d5 2.c4 e6 3.Nf3 c5 4.cxd5 exd5 5.Nc3 Nf6 6.g3 Nc6 7.Bg2 Bg4 8.dxc5 
d4 9.Na4 Ne4 10.O-O Nxc5 11.Bg5 f6 12.Nxc5 Bxc5 13.Qc2 Qe7 14.Rac1 Bb6 15.
Bf4 O-O 16.Rfe1 Rac8 17.a3 Ne5 18.Qb3+ Be6 19.Qa4 Bd7 20.Qd1 Rxc1 21.Bxc1 
Nxf3+ 22.Bxf3 Bc6 23.Qd3 Rc8 24.Qf5 Rd8 25.Bd2 Qe5 26.Qd3 Bxf3 1/2-1/2

[Event "30th ECh U20"]
[Site "Baku AZE"]
[Date "2002.07.??"]
[Round "11"]
[White "Cernousek, Lukas"]
[Black "Laciner, Kerem"]
[Result "1-0"]
[WhiteElo "2294"]
[BlackElo "2220"]
[EventDate "2002.07.14"]
[PlyCount "51"]

1.b4 c6 2.Bb2 a5 3.a3 Qb6 4.c4 axb4 5.c5 Qc7 6.axb4 Rxa1 7.Bxa1 b6 8.e3 
Ba6 9.Bxa6 Nxa6 10.Qa4 Qb7 11.cxb6 Qxb6 12.Nf3 e6 13.O-O Nf6 14.Na3 Bxb4 
15.Bd4 Qb7 16.Ra1 Be7 17.Nc4 Nc7 18.Qa7 Qxa7 19.Rxa7 Nb5 20.Ra8+ Bd8 21.
Bb6 Ke7 22.Rb8 Re8 23.Bc5+ d6 24.Rb7+ Nd7 25.Nxd6 Nxd6 26.Ne5 1-0

[Event "30th ECh U20"]
[Site "Baku AZE"]
[Date "2002.07.??"]
[Round "11"]
[White "Krupenski, Juri"]
[Black "Aliev, Chingiz"]
[Result "1/2-1/2"]
[WhiteElo "2240"]
[BlackElo "2213"]
[EventDate "2002.07.14"]
[PlyCount "82"]

1.e4 c5 2.Nf3 a6 3.c3 d5 4.exd5 Qxd5 5.d4 Nf6 6.Na3 cxd4 7.cxd4 b5 8.Nc2 
Bb7 9.Ne3 Qd8 10.a4 bxa4 11.Qxa4+ Bc6 12.Qb3 e6 13.Bd2 Be7 14.Ba5 Qc8 15.
Rc1 Qb7 16.Qxb7 Bxb7 17.Ne5 Nbd7 18.Be2 Nxe5 19.dxe5 Nd7 20.Rc7 Bd8 21.
Rxb7 Bxa5+ 22.b4 Nc5 23.bxa5 Nxb7 24.Nc4 Ke7 25.Kd2 Rhd8+ 26.Ke3 Rac8 27.
Rb1 Rc7 28.f4 f6 29.Rb6 Nc5 30.Nd6 fxe5 31.fxe5 Ra7 32.Rc6 Nd7 33.Ke4 Raa8
34.Bc4 Rdb8 35.Kd4 Rb4 36.Nc8+ Kd8 37.Nb6 Nxb6 38.axb6 Rc8 39.Rxc8+ Kxc8 
40.Kc5 Rxc4+ 41.Kxc4 Kb7 1/2-1/2